000 01658cam a22003974 4500
001 198220
003 ES-MaACL
005 20260610173753.0
007 ta
008 090429s2009 sp a|||| |||| 001 0 spa
017 _aB 14604-2009
_bOficina Depósito Legal Barcelona
020 _a978-84-92506-57-6
040 _aES-MaACL
_bspa
_cES-MaACL
_erda
080 _a087.5:94(460)"18"
080 _a087.5:94(460)"19"
100 1 _aGarcía de Cortázar, Fernando,
_d1942-2022
_9238039
_4aut
_eaut
245 1 0 _aHistoria ilustrada de España :
_pde mayo de 1808 al siglo XXI /
_cFernando García de Cortázar por el texto, Antoni Guiral por el guión de los cómics ; Jesús Redondo por el dibujo de los cómics, A&J Torres por el color de los cómics
250 _a1ª edición: abril de 2009
264 1 _aBarcelona :
_bMedialive,
_c2009
264 4 _c©2009
300 _a177 páginas :
_bilustraciones, mapas (blanco y negro y color) ;
_c25 cm
336 _2rdacontent
_atexto
337 _2rdamedia
_asin mediación
338 _2rdacarrier
_avolumen
651 7 _aEspaña
_xHistoria
_yS.XIX
_vLibros infantiles
_2embne
_9169509
651 7 _aEspaña
_xHistoria
_yS.XX
_vLibros infantiles
_2embne
_9242975
700 1 _aGuiral Conti, Antonio
_4aut
_9243198
_eaut
700 1 _aRedondo Román, Jesús
_4art
_edrm
_9243199
852 _aES-MaACL
_cDEPO1
_jA-16015
_hDonación: José Lázaro García
_xEncuadernación cartoné
901 _aMON0908
942 _cMONOGRAFIA
_n0
956 _a2
999 _c198220
_d198220